[Event "15th Kesan Open 2017"]
[Site "Kesan"]
[Date "2017.08.13"]
[Round "1.1"]
[White "Sirin, Ahmet"]
[Black "Savchenko, Boris"]
[Result "0-1"]
[WhiteElo "1374"]
[BlackElo "2602"]
[Annotator "TA"]
[PlyCount "44"]
[EventCountry "TUR"]
[SourceTitle "playchess.com"]
[Source "ChessBase"]
[SourceQuality "1"]

{[%evp 14,44,6,9,48,33,25,24,56,40,54,-10,0,0,0,-341,-326,-541,-541,-532,-515,-921,-1038,-1031,-1023,-1020,-986,-29980,-29981,-5477,-2848,-2685,-2580]} 1. d4 e6 2. Nf3 Nf6 3. Bf4 c5 4. c3 {[%cal Bc2c3,Bc3d4][%mdl 32]} b6 5. e3 Be7 6. h3 Bb7 7. Nbd2 O-O 8. Bd3 cxd4 {A47: 1 d4 Nf6 2 Nf3 b6: Torre, London and Colle Systems} 9. cxd4 (9. exd4 d6 10. O-O Nbd7 11. Re1 Re8 12. Bh2 a6 13. a4 Nf8 14. Ng5 Qd7 15. Qe2 Bc6 16. Bxa6 Bxa4 17. Bd3 Bc6 18. Nc4 {1-0 (82) Giri,A (2755)-Tomashevsky,E (2731) Moscow 2016}) 9... Nc6 10. a3 Nd5 {White has an edge.} 11. Bg3 $146 ({Predecessor:} 11. Bh2 f5 12. O-O Nf6 13. Re1 Rc8 14. e4 fxe4 15. Nxe4 Nxe4 16. Bxe4 {1-0 (72) Noiroux,K (2154)-Sarrau,J (2306) Charleroi 2012}) 11... f5 12. Ne5 (12. Bh2 $14) 12... f4 13. exf4 Nxd4 {Hoping for ...d6.} 14. Bxh7+ $2 {[%mdl 8192]} (14. O-O $11) 14... Kxh7 $19 15. Qh5+ $2 (15. Ndc4 {might work better.} Nc6 16. Qh5+ Kg8 17. Ng6) 15... Kg8 {[#] And now ...Nc2+ would win.} 16. Ng6 {White threatens Qh8+ and mate.} Rf5 17. Nxe7+ (17. Qd1 $142) 17... Qxe7 18. Qd1 Nxf4 19. Bxf4 Rxf4 20. f3 Qh4+ 21. Kf1 Ba6+ 22. Kg1 Ne2+ {Precision: White = 21%, Black = 42%.} 0-1

[Event "15th Kesan Open 2017"]
[Site "Kesan"]
[Date "2017.08.13"]
[Round "1.2"]
[White "Rasulov, Vugar"]
[Black "Sener, Kerem"]
[Result "1-0"]
[WhiteElo "2509"]
[BlackElo "1178"]
[Annotator "TA"]
[PlyCount "49"]
[EventCountry "TUR"]
[SourceTitle "playchess.com"]
[Source "ChessBase"]
[SourceQuality "1"]

{[%evp 20,49,35,35,159,156,153,146,162,131,229,234,338,298,299,299,311,317,312,310,391,382,421,400,537,518,523,508,643,611,605,392]} 1. d4 d5 2. Nf3 e6 3. g3 Nf6 4. Bg2 Be7 5. O-O O-O 6. c4 b6 7. Ne5 Bb7 8. Nc3 Ne4 9. cxd5 exd5 10. Qc2 Nxc3 11. Qxc3 Nd7 {E18: Queen's Indian: Old Main Line (4 g3 Bb7 5 Bg2 Be7 6 0-0 0-0 7 Nc3)} ({Black should try} 11... Re8 $14) (11... Bd6 12. Bf4 Re8 13. Rac1 f6 14. Qb3 Bxe5 15. dxe5 fxe5 16. Rfd1 c6 17. e4 Qd6 18. exd5 c5 19. Be3 {½-½ (70) Horvath,J (2532)-Csizmadia,L (2350) Hungary 2012}) 12. Nc6 $16 Bxc6 13. Qxc6 Nf6 {White is clearly better.} 14. Bf4 Rc8 (14... Bd6 $16 {was called for.}) 15. Bh3 $18 {[%cal Bg2h3,Bh3c8,Bc8g4][%mdl 32]} Nh5 $146 (15... Ra8 $142 16. Bxc7 Qe8) ({Predecessor:} 15... Ra8 16. Qxc7 Qxc7 17. Bxc7 Ne4 18. Bf4 {1-0 (46) Koetz,A (2020)-Kuechler,F Berlin 2007}) 16. Bxc8 Nxf4 17. Bg4 ({But not} 17. gxf4 $6 Qxc8 18. Qxd5 Qg4+ 19. Qg2 Qxf4 $18) 17... Ng6 18. Rac1 Bd6 19. Qxd5 Re8 20. e4 Ne7 21. Qb3 {[#] Black must now prevent e5.} c5 22. e5 {White is clearly winning.} Bc7 23. dxc5 {[%cal Bd4c5,Bc5b6][%mdl 32]} Bxe5 24. Rfd1 Qc7 25. cxb6 1-0

[Event "15th Kesan Open 2017"]
[Site "Kesan"]
[Date "2017.08.13"]
[Round "1.4"]
[White "Benidze, Davit"]
[Black "Muti, Erol"]
[Result "1-0"]
[WhiteElo "2476"]
[BlackElo "1338"]
[Annotator "TA"]
[PlyCount "79"]
[EventCountry "TUR"]
[SourceTitle "playchess.com"]
[Source "ChessBase"]
[SourceQuality "1"]

{[%evp 15,79,37,52,56,42,37,56,40,62,72,87,70,111,106,92,31,33,44,89,54,126,144,135,137,189,172,170,129,204,183,208,192,212,165,168,160,250,214,220,203,200,188,250,253,506,498,495,425,481,426,578,562,580,566,544,540,714,411,29971,29972,29982,29983,29983,29984,29985,428]} 1. d4 Nf6 2. c4 e5 3. dxe5 Ng4 4. Bf4 Nc6 5. Nf3 Bb4+ 6. Nc3 Qe7 7. Qd5 f6 8. exf6 Nxf6 9. Qd3 {A52: Budapest Gambit} d6 (9... Bxc3+ 10. bxc3 d6 11. g3 Ne5 12. Nxe5 dxe5 13. Bg5 O-O 14. Bg2 c6 15. Qe3 h6 16. Bxf6 Qxf6 {1-0 (45) Krasenkow,M (2636)-Novita,A (2339) Jakarta 2012}) 10. Bd2 O-O 11. e3 {White is slightly better.} Bg4 12. Be2 a6 $146 ({Predecessor:} 12... Rae8 13. O-O Bxf3 14. Bxf3 Ne5 15. Qe2 Nxf3+ 16. Qxf3 Bxc3 17. Bxc3 {0-1 (25) Schnabel,H-Roeder,F (2248) Passau 1979}) 13. Qc2 Bc5 14. a3 Bh5 15. O-O-O (15. b4 $16 Bb6 16. O-O) 15... Rae8 $14 16. h3 Kh8 17. Bd3 Bxf3 ({Black should try} 17... Ne5 $1 $14) 18. gxf3 $16 {[%cal Bg2f3,Bf3f4][%mdl 32]} Ne5 19. Be2 c6 (19... b5 $16) 20. f4 $18 Ned7 21. Rhg1 Ba7 (21... d5 $16) 22. Rg5 Nc5 23. Rdg1 Rf7 24. Bh5 Nxh5 25. Rxh5 {[%csl Gh5][%cal Rc2h7] [#]} Ne4 (25... h6 $16 26. Kb1 Bb6) 26. Nxe4 $40 {[%mdl 128] White has strong attack.} Qxe4 27. Rhg5 Qxc2+ 28. Kxc2 h6 (28... Ree7 $142 29. Bc3 Rd7) 29. Rg6 Bb8 $2 {[#]} (29... d5 {is a better defense.} 30. cxd5 cxd5) 30. Bc3 Ree7 31. Rxh6+ Kg8 32. Rhg6 d5 33. c5 Bc7 34. h4 {[%cal Bh3h4,Bh4h5][%mdl 32]} Rd7 35. h5 Kh7 36. Bd4 Bxf4 (36... Bd8 $18 37. Kd3 Bf6 38. Bxf6 gxf6) 37. exf4 {White mates.} Rxf4 38. Bxg7 Rxf2+ 39. Kd1 d4 40. Rh6+ {Precision: White = 65%, Black = 32%.} 1-0

[Event "15th Kesan Open 2017"]
[Site "Kesan"]
[Date "2017.08.13"]
[Round "1.5"]
[White "Turkucu, Eyup"]
[Black "Stefanov, Emil"]
[Result "0-1"]
[WhiteElo "1282"]
[BlackElo "2455"]
[Annotator "TA"]
[PlyCount "72"]
[EventCountry "TUR"]
[SourceTitle "playchess.com"]
[Source "ChessBase"]
[SourceQuality "1"]

{[%evp 9,72,-78,-77,-82,-77,-76,-61,-78,-70,-50,-53,-70,-74,-85,-43,-62,-3,-197,-163,-160,-151,-150,-150,-206,-131,-131,-131,-122,-128,-197,-195,-215,-215,-229,-220,-206,-186,-255,-255,-279,-272,-358,-358,-507,-495,-542,-535,-512,-529,-528,-464,-516,-483,-487,-470,-700,-700,-750,-743,-1563,-832,-12835,-12834,-6722,-6694]} 1. e4 c5 2. Nf3 Nc6 3. c3 d5 4. e5 Bg4 5. d4 (5. Bb5 Qc7 6. d4 cxd4 7. cxd4 Bxf3 8. Qxf3 e6 9. O-O a6 10. Bxc6+ Qxc6 11. Nc3 Ne7 12. Rd1 Nf5 13. Bf4 {0-1 (50) Djuric,S (2414)-Andrijevic,M (2377) Sombor 2009}) 5... Bxf3 6. gxf3 {B22: Sicilian: 2 c3} e6 7. Be3 cxd4 8. cxd4 {Black is slightly better.} Bb4+ 9. Nc3 Nge7 10. a3 Bxc3+ 11. bxc3 Qa5 12. Bd2 Rc8 $146 (12... Qc7 $15) 13. c4 $2 {[#]} (13. Bd3 $11 {and White is okay.}) 13... Qc7 14. cxd5 Nxd5 15. Bb5 Qb6 16. Qa4 (16. Rb1 $17) 16... a6 17. Bxc6+ Qxc6 18. Qxc6+ Rxc6 ({Of course not} 18... bxc6 $6 19. Ke2 $11) 19. O-O (19. a4 $17 {was worth a try.}) 19... Kd7 $19 20. Rfc1 Rhc8 21. Rxc6 Rxc6 {[%mdl 4096] Endgame KRB-KRN} ({Not} 21... bxc6 22. Rb1 $15) 22. Kf1 Rc4 23. Ke2 (23. Be3 {was necessary.}) 23... Rxd4 24. a4 b6 {[%cal Bb7b6,Bb6b5][%mdl 32]} 25. Ra3 Rh4 26. a5 (26. Ra1 $142) 26... b5 {Black is clearly winning.} 27. Rd3 Rxh2 28. f4 Kc6 29. f5 Rh5 30. Rg3 g6 31. fxg6 Rxe5+ 32. Kf1 (32. Kd3 $142 hxg6 33. Rf3) 32... hxg6 {[%cal Bh7g6,Bg6f5][%mdl 32]} 33. f4 Rf5 34. Rg5 b4 35. Rxf5 gxf5 36. Ke2 Kb5 {Precision: White = 42%, Black = 55%.} 0-1

[Event "15th Kesan Open 2017"]
[Site "Kesan"]
[Date "2017.08.13"]
[Round "1.6"]
[White "Guseynov, Alihan"]
[Black "Karatiken, Ertan"]
[Result "1-0"]
[WhiteElo "2399"]
[BlackElo "1428"]
[Annotator "ChessBase"]
[PlyCount "79"]
[EventCountry "TUR"]
[SourceTitle "playchess.com"]
[Source "ChessBase"]
[SourceQuality "1"]
[TimeControl "5400+30"]

1. d4 {[%emt 0:00:30]} d5 {[%emt 0:01:00]} 2. c4 {[%emt 0:00:00]} c6 {[%emt 0:00:30]} 3. Nf3 {[%emt 0:00:00]} Nf6 {[%emt 0:00:30]} 4. e3 {[%emt 0:00:30]} e6 {[%emt 0:00:30]} 5. b3 {[%emt 0:00:00]} Bd6 {[%emt 0:01:30]} 6. Bb2 {[%emt 0:00:00]} O-O {[%emt 0:01:30]} 7. Bd3 {[%emt 0:00:30]} Nbd7 {[%emt 0:01:30]} 8. O-O {[%emt 0:00:30]} dxc4 {[%emt 0:00:30]} 9. bxc4 {[%emt 0:06:30]} b6 {[%emt 0:02:30]} 10. e4 {[%emt 0:00:30]} Bb8 {[%emt 0:04:30]} 11. e5 {[%emt 0:00:30]} Ne8 {[%emt 0:02:30]} 12. Ba3 {[%emt 0:01:30]} c5 {[%emt 0:02:30]} 13. dxc5 {[%emt 0:03:30]} bxc5 {[%emt 0:00:30]} 14. Be4 {[%emt 0:02:30]} Nc7 {[%emt 0:05:30]} 15. Nc3 {[%emt 0:00:00]} f5 {[%emt 0:03:30]} 16. exf6 {[%emt 0:05:00]} Qxf6 {[%emt 0:04:30]} 17. Qc2 {[%emt 0:00:30]} g6 {[%emt 0:03:30]} 18. Bb2 {[%emt 0:01:30]} Qe7 {[%emt 0:02:30]} 19. Bxa8 {[%emt 0:03:30]} Nxa8 {[%emt 0:00:30]} 20. Ne4 {[%emt 0:00:00]} Bb7 {[%emt 0:04:30]} 21. Rfe1 {[%emt 0:01:00]} e5 {[%emt 0:07:30]} 22. Rad1 {[%emt 0:01:30]} Nab6 {[%emt 0:02:30]} 23. Nfd2 {[%emt 0:09:30]} Qf7 {[%emt 0:06:30]} 24. Re3 {[%emt 0:02:30]} Bxe4 {[%emt 0:06:30]} 25. Nxe4 {[%emt 0:00:30]} Qxc4 {[%emt 0:06:30]} 26. Qxc4+ {[%emt 0:00:00]} Nxc4 {[%emt 0:00:30]} 27. Rxd7 {[%emt 0:00:00]} Nxb2 {[%emt 0:01:30]} 28. Rh3 {[%emt 0:00:30]} Rf7 {[%emt 0:01:30]} 29. Rxf7 {[%emt 0:00:30]} Kxf7 {[%emt 0:00:30]} 30. Rb3 {[%emt 0:00:30]} Ke6 {[%emt 0:02:30]} 31. Nxc5+ {[%emt 0:00:00]} Kd5 {[%emt 0:00:30]} 32. Rxb8 {[%emt 0:00:00]} Nc4 {[%emt 0:00:30]} 33. Nd3 {[%emt 0:00:30]} Kd4 {[%emt 0:00:30]} 34. Rd8+ {[%emt 0:00:30]} Ke4 {[%emt 0:00:30]} 35. Nc5+ {[%emt 0:00:00]} Kf5 {[%emt 0:00:30]} 36. Rf8+ {[%emt 0:00:00]} Kg5 {[%emt 0:00:30]} 37. Ne6+ {[%emt 0:00:30]} Kh5 {[%emt 0:00:30]} 38. h3 {[%emt 0:00:30]} e4 {[%emt 0:00:30]} 39. g4+ {[%emt 0:00:30]} Kh6 {[%emt 0:00:30]} 40. Rf7 {[%emt 0:00:00]} 1-0

[Event "15th Kesan Open 2017"]
[Site "Kesan"]
[Date "2017.08.14"]
[Round "2.1"]
[White "Savchenko, Boris"]
[Black "Soboleva, Anastasia"]
[Result "1-0"]
[WhiteElo "2602"]
[BlackElo "1864"]
[Annotator "TA"]
[PlyCount "31"]
[EventCountry "TUR"]
[SourceTitle "playchess.com"]
[Source "ChessBase"]
[SourceQuality "1"]

{[%evp 12,30,95,97,120,92,260,262,335,340,511,472,1006,839,29995,29996,29996,29997,29998,29999,29999]} 1. e4 e6 2. d4 b6 3. Nc3 Bb7 4. Bd3 Bb4 5. Nge2 Nf6 6. O-O {B00: Queen's Fianchetto Defence, Nimzowitsch Defence} d5 7. e5 {LiveBook: 3 Games} (7. Bg5 dxe4 8. Bxe4 Bxe4 9. Nxe4 Nbd7 10. c4 Be7 11. N4g3 h6 12. Bf4 O-O 13. Qc2 {1-0 (69) Kosteniuk,A (2554)-Zhao,X (2506) Huaian 2016}) 7... Nfd7 8. f4 {[%cal Bf2f4,Bf4f5,Bf5e6,Be6f7][%mdl 32] White is better.} c5 $2 {[#]} (8... g6 $16) 9. f5 $146 ({Predecessor:} 9. a3 Bxc3 10. Nxc3 c4 11. Be2 Nc6 12. Nb5 O-O 13. Nd6 {1-0 (21) Brunner,R-Zikic,G ICCF email 1999}) 9... cxd4 10. fxe6 (10. Nxd4 Bc5 $16) 10... O-O (10... Nxe5 $142 11. exf7+ (11. Nxd4 f6 $18) 11... Nxf7) 11. exf7+ ({Stronger than} 11. exd7 dxc3 12. bxc3 (12. Nxc3 Nxd7 13. Bf4 Qe7 $11) 12... Bc5+ 13. Nd4 Nc6 $11) 11... Kh8 (11... Rxf7 $142 12. Rxf7 (12. Nxd4 Rxf1+ 13. Qxf1 Nxe5 $16) 12... Kxf7 13. Nxd4 g6) 12. Nf4 {[#] Threatening mate with Qh5.} dxc3 13. Qh5 {[%csl Gd3][%cal Rh5h7] White mates.} Bc5+ 14. Kh1 {[%csl Gd3][%cal Rh5h7]} g6 15. Nxg6+ Kg7 16. Bh6# 1-0

[Event "15th Kesan Open 2017"]
[Site "Kesan"]
[Date "2017.08.14"]
[Round "2.2"]
[White "Ozkan, Hakan"]
[Black "Sanikidze, Tornike"]
[Result "0-1"]
[WhiteElo "1794"]
[BlackElo "2548"]
[Annotator "TA"]
[PlyCount "66"]
[EventCountry "TUR"]
[SourceTitle "playchess.com"]
[Source "ChessBase"]
[SourceQuality "1"]

{[%evp 15,66,-27,-17,-63,-59,-59,-16,-56,-34,-80,-67,-77,-77,-79,-68,-71,-61,-60,-55,-80,-49,-52,-49,-127,-116,-161,-149,-199,-177,-232,-196,-199,-172,-258,-245,-245,-221,-222,-235,-333,-332,-534,-431,-412,-403,-590,-518,-628,-591,-684,-677,-1054,-1049]} 1. e4 c5 2. Nc3 Nc6 3. f4 e6 4. Nf3 d5 5. Bb5 Nge7 6. O-O a6 7. Bxc6+ Nxc6 8. d3 Be7 {LiveBook: 24 Games. B23: Closed Sicilian: Lines without g3} 9. a4 O-O 10. Bd2 f5 $146 {Black is slightly better.} ({Find the theoretical novelty and annotate with similar games:} 10... dxe4 11. dxe4 b6 12. Qe1 Nd4 13. Rc1 Bb7 14. Nxd4 cxd4 15. Nd1 {0-1 (37) Halser,W (2100)-Farago,I (2440) Oberwart 1997}) 11. e5 d4 12. Ne2 b6 13. Qe1 Bb7 14. Qg3 Qd5 15. h4 c4 16. h5 cxd3 17. cxd3 a5 18. h6 {[%csl Gh6][%cal Rg3g7] [#]} g6 19. Rac1 ({White should try} 19. Be1 $15) 19... Rac8 20. Qf2 Bc5 21. Ng5 Qb3 22. Ng3 (22. Rfd1 $142) 22... Nd8 23. Rfd1 Qxa4 24. Kh2 (24. Ne2 $142) 24... Qb3 25. Be1 Nf7 26. Nxf7 Rxf7 27. Qe2 (27. Rd2 $142) 27... Rfc7 $19 28. Nh1 $2 (28. Qf2 {was worth a try.}) 28... Be7 {[%cal Bc5e7,Be7f8,Bf8h6][%mdl 32]} 29. Rxc7 Rxc7 30. Bf2 (30. Ng3 {was called for.}) 30... Qd5 {[%csl Gb7][%cal Rd5g2] [#] Black is clearly winning.} 31. Bg1 Bf8 32. Rd2 Bxh6 33. Kg3 Rc1 {Precision: White = 30%, Black = 72%.} 0-1

[Event "15th Kesan Open 2017"]
[Site "Kesan"]
[Date "2017.08.14"]
[Round "2.3"]
[White "Gunes, Sunay"]
[Black "Rasulov, Vugar"]
[Result "0-1"]
[WhiteElo "1814"]
[BlackElo "2509"]
[Annotator "TA"]
[PlyCount "66"]
[EventCountry "TUR"]
[SourceTitle "playchess.com"]
[Source "ChessBase"]
[SourceQuality "1"]

{[%evp 18,66,0,-11,16,0,1,-30,5,-18,-4,-77,-67,-115,-104,-137,-124,-158,-128,-147,-135,-128,-130,-150,-158,-160,-150,-221,-215,-224,-219,-213,-222,-225,-220,-252,-233,-299,-277,-337,-351,-508,-252,-257,-253,-250,-252,-258,-254,-385,-389]} 1. d4 Nf6 2. c4 e6 3. Nc3 Bb4 4. Qc2 O-O 5. a3 Bxc3+ 6. Qxc3 b6 7. Nf3 Bb7 8. e3 d6 9. Bd3 Nbd7 {E32: Nimzo-Indian: Classical (4 Qc2): 4...0-0} 10. O-O {LiveBook: 13 Games} Qe7 (10... Bxf3 $5 11. gxf3 c5 $11) 11. Ne1 $146 ({Predecessor:} 11. b4 Ne4 12. Qc2 f5 13. Nd2 Nxd2 14. Bxd2 c5 15. Rab1 Qh4 16. f4 Qe7 17. dxc5 bxc5 {1-0 (63) Feng,R (2139)-Li,R (2358) Las Vegas 2014}) 11... e5 {The position is equal.} 12. f3 Rfe8 13. dxe5 Nxe5 14. Bf5 (14. Be2 $11) 14... Ba6 $17 15. b3 {[#]} d5 $1 {[%cal Rd5c4]} 16. f4 Neg4 17. Rf3 {[%cal Bf1f3,Bf3g3,Bg3g5][%mdl 32]} dxc4 18. Bxg4 Nxg4 19. Rg3 Qf6 20. Qxf6 Nxf6 21. Bb2 {[#] Strongly threatening Bxf6.} Nh5 $36 {[%mdl 2048] Black has strong initiative.} 22. Rg5 (22. Rh3 $17 g6 23. g4) 22... g6 $19 ({And not} 22... cxb3 23. Rxh5 f6 24. Kf2 $11) 23. bxc4 Rxe3 24. Re5 Rb3 25. Bc1 Bxc4 26. Re7 Rc8 27. Nf3 Bd5 28. Nd4 Rd3 29. Nb5 (29. Be3 {was called for.}) 29... Kf8 (29... Rd1+ $142 30. Kf2 Bc4) 30. Rxc7 Rxc7 31. Nxc7 Rd1+ 32. Kf2 Bc4 33. Ke3 (33. f5 {was necessary.} Kg8 34. Kf3) 33... Rd7 {Precision: White = 38%, Black = 77%.} 0-1

[Event "15th Kesan Open 2017"]
[Site "Kesan"]
[Date "2017.08.14"]
[Round "2.4"]
[White "Annaberdiev, Meilis"]
[Black "Kocyigit, Buse Naz"]
[Result "1-0"]
[WhiteElo "2487"]
[BlackElo "1804"]
[Annotator "TA"]
[PlyCount "81"]
[EventCountry "TUR"]
[SourceTitle "playchess.com"]
[Source "ChessBase"]
[SourceQuality "1"]

{[%evp 17,81,40,42,-7,0,-16,-10,0,0,8,-17,10,85,3,64,73,127,99,131,122,121,145,196,142,175,179,178,168,168,184,171,141,138,130,129,119,131,131,131,122,141,141,136,119,132,68,78,78,75,72,82,-100,53,47,74,83,77,77,81,8,292,289,569,554,699,704]} 1. e4 d5 2. exd5 Qxd5 3. Nc3 Qd6 4. d4 Nf6 5. Nf3 Bg4 6. h3 Bh5 {B01: Scandinavian Defence} 7. g4 Bg6 8. Ne5 Nbd7 9. Nc4 (9. Nxg6 hxg6 10. Bg2 c6 11. Qd3 e6 12. Bd2 Nb6 13. O-O-O Nbd5 14. Ne2 {1-0 (39) Bologan,V (2640)-Kovalenko,I (2684) Tallinn 2016}) 9... Qe6+ {LiveBook: 3 Games} 10. Be2 {Threatens to win with d5.} Nd5 11. O-O $146 ({Find the theoretical novelty and annotate with similar games:} 11. Nxd5 Qxd5 12. Rg1 Nb6 13. Nxb6 Qa5+ 14. Bd2 Qxb6 {0-1 (51) Heinechen,J (1740)-Munoz,F (2045) Mar del Plata 2013}) 11... h5 12. Nxd5 ({Much weaker is} 12. gxh5 Nxc3 13. bxc3 Bxh5 $17) 12... Qxd5 13. Ne3 Qd6 14. gxh5 Bh7 (14... Be4 $11) 15. c4 (15. Nc4 $16 Qf6 16. c3) 15... O-O-O (15... Be4 $1 $11) 16. c5 $36 {[%mdl 2048] White is really pushing.} Qe6 (16... Qc6 $142) 17. d5 $16 Qf6 18. c6 Nb6 19. cxb7+ Kxb7 (19... Kb8 $16 {was worth a try.}) 20. Bf3 (20. a4 $18) 20... Kb8 21. Ng4 Qf5 22. Re1 f6 23. a4 {Black must now prevent a5.} Qd3 24. Qxd3 Bxd3 25. Ne3 Nd7 26. Ra3 $1 {[%cal Ra3d3]} Ne5 27. Rb3+ Kc8 28. Bg2 $1 {And now f4 would win.} Ba6 29. h4 Rxh5 30. Bh3+ Nd7 31. Nf5 (31. Ng2 $1 $16) 31... Bc4 $14 32. Rc3 Bxd5 {[#] Threatening ...e6.} 33. Bg4 $1 {[%cal Rg4h5]} Rh8 34. Rxe7 $2 {[#]} (34. Nxe7+ $16 {is forced if you want to stay better.} Bxe7 35. Rxe7) 34... Kb8 $2 ({Black should try} 34... Kb7 $1 $17 35. Bf4 Bxe7 36. Rxc7+ Ka8 37. Nxe7 Rxh4) 35. Bf4 Bxe7 36. Bxc7+ Kb7 37. Nxe7 Ne5 ({Avoid the trap} 37... Rxh4 $2 38. f3 $18) 38. Bxe5 ({White should play} 38. Bh3 $16 Be4 39. Bxd8 Rxd8 40. Bg2 Rd1+ 41. Kh2 Bxg2 42. Kxg2) 38... fxe5 $4 {[%mdl 8192]} (38... Rxh4 $11 {and Black is okay.} 39. f3 (39. Rc7+ Ka8 $17) 39... fxe5) 39. Nxd5 $18 Rxd5 $2 (39... Rxh4 40. Rb3+ Kc6 41. Ne7+ Kc7) 40. Bf3 Rhd8 41. Rc5 {Precision: White = 55%, Black = 43%.} 1-0

[Event "15th Kesan Open 2017"]
[Site "Kesan"]
[Date "2017.08.14"]
[Round "2.5"]
[White "Catal, Uktenur"]
[Black "Benidze, Davit"]
[Result "0-1"]
[WhiteElo "1735"]
[BlackElo "2476"]
[Annotator "TA"]
[PlyCount "52"]
[EventCountry "TUR"]
[SourceTitle "playchess.com"]
[Source "ChessBase"]
[SourceQuality "1"]

{[%evp 21,52,10,21,-1,-3,-10,-16,-29,0,3,8,-10,-27,-43,-50,-52,-45,-48,-10,-54,-16,-67,-49,-131,-133,-120,-121,-147,-143,-591,-594,-745,-758]} 1. d4 Nf6 2. c4 c5 3. d5 e6 4. Nc3 exd5 5. cxd5 d6 6. Nf3 g6 7. Bf4 Bg7 8. h3 {A61: Modern Benoni: Nf3 without early e4} (8. Qa4+ Bd7 9. Qb3 b5 10. Bxd6 Qb6 11. Be5 O-O 12. e3 c4 13. Qd1 b4 14. Nb1 Rc8 15. Nbd2 Bb5 16. a4 bxa3 17. Rxa3 Bf8 18. Bd4 Qb7 19. Ra1 Nxd5 20. Be2 Nc6 {½-½ (59) Nakamura,H (2791)-Caruana,F (2807) Saint Louis 2016}) 8... O-O 9. e3 Re8 10. Be2 a6 11. a4 Ne4 {LiveBook: 24 Games} 12. Rc1 Nd7 {[%cal Bb8d7,Bd7f6,Bf6g4][%mdl 32]} 13. O-O (13. Nd2 {with more complications.} Nxd2 14. Qxd2 Nf6 15. O-O Ne4 16. Qd1) 13... Ndf6 14. Qb3 Rb8 $146 ({Predecessor:} 14... b6 15. Rfd1 Bb7 16. Ne1 Rb8 17. Nc2 Nxc3 18. bxc3 {½-½ (32) Pruvot,L (2216)-Roser,K (2394) Paris 2016}) 15. Bxa6 Bxh3 16. Bb5 Bd7 17. Rfd1 Bxb5 18. Nxb5 Ng4 19. Rc2 Be5 20. Bxe5 Nxe5 21. Nxe5 (21. Nd2 $11 Ng4 22. Nf3) 21... Rxe5 $15 22. Nc3 {[#]} (22. Qd3 $15) 22... Qh4 $1 $17 23. Nxe4 Rxe4 24. Qb6 {[#]} Qe7 $1 25. Qa7 $2 {[%mdl 8192]} (25. Qb3 $17) 25... Qd8 $19 26. a5 Rb4 {Precision: White = 10%, Black = 76%.} 0-1